Music Quiz

Random Music or Classical Quiz
Score 0/16 Timer 06:00
3 Plays Today
% Correct
ADAGE
98.1%
AGED
95%
BADGE
92.8%
BEAD
91.8%
BEEF
91.4%
CADGE
90.4%
CAFE
90.1%
CAGE
89.9%
% Correct
CEDE
88.6%
FACE
88.2%
DEFACE
88.2%
EDGE
88.2%
FACADE
87.7%
FADE
87.5%
FACED
87.3%
FEEDBAG
86.4%
Remove Ads.
Support Sporcle.
Get the best of Sporcle when you Go Orange. This ad-free experience offers more features, more stats, and more fun while also helping to support Sporcle. Thank you for becoming a member.

You're not logged in!

Compare scores with friends on all Sporcle quizzes.
OR
Log In

Show Comments

Extras

Top Quizzes Today


Score Distribution

Your Account Isn't Verified!

In order to create a playlist on Sporcle, you need to verify the email address you used during registration. Go to your Sporcle Settings to finish the process.

Report this User

Report this user for behavior that violates our Community Guidelines.

Details: